Welcome to the Holygrace Academy Library

Please use search bar below to get started

ILLUSTRATED FASCINATING FACTS YOU WOPULD'NT KNOW! (Record no. 6607)

MARC details
000 -LEADER
fixed length control field 00329nam a22001337a 4500
020 ## - INTERNATIONAL STANDARD BOOK NUMBER
ISBN 978-81-906207-1-0
082 ## - DEWEY DECIMAL CLASSIFICATION NUMBER
Classification number 001
Item number MAN/I
100 ## - MAIN ENTRY--AUTHOR NAME
Personal name MAANU GRAPHICS
245 ## - TITLE STATEMENT
Title ILLUSTRATED FASCINATING FACTS YOU WOPULD'NT KNOW!
260 ## - PUBLICATION, DISTRIBUTION, ETC. (IMPRINT)
Place of publication DELHI
Name of publisher MAANU GRAPHICS
300 ## - PHYSICAL DESCRIPTION
Number of Pages 120
650 ## - SUBJECT ADDED ENTRY--TOPICAL TERM
Topical Term GENERAL KNOWLEDGE
Geographic subdivision INDIA
942 ## - ADDED ENTRY ELEMENTS (KOHA)
Koha item type Books
Holdings
Withdrawn status Lost status Collection code Home library Current library Shelving location Date acquired Source of acquisition Cost, normal purchase price Full call number Accession Number Koha item type
    G.K Main Library Main Library SHELF-17B-- G.K RELATED QUIZ BOOK 26/10/2019 purchase 80.00 001 MAN/I 11773 Books